Score 0/30 Timer 06:00
0 Plays Today
Answer % Correct
Canadian Dollar
94.8%
English
93.3%
United States Dollar
91.9%
Washington D.C.
91.9%
Toronto
91.1%
Red
91.1%
English (de Facto)
91.1%
Red
91.1%
Right
90.4%
The United States of America
89.6%
Right
88.9%
New York City
88.9%
Ottawa
88.1%
American
88.1%
Canadian
85.9%
Answer % Correct
O Canada
74.8%
Canada
74.1%
Star-Spangled Banner
71.9%
CN Tower
70.4%
.ca
63%
Parliamentary Democracy
60%
.us
60%
Federal Presidential Constitutional Republic
44.4%
One World Trade Center
32.6%
+1
31.9%
+1
28.1%
Parliament of Canada
5.2%
Badwater Basin
3.7%
Congress of the United States of America
3%
Great Slave Lake,NWT
2.2%
Remove Ads.
Support Sporcle.
Get the best of Sporcle when you Go Orange. This ad-free experience offers more features, more stats, and more fun while also helping to support Sporcle. Thank you for becoming a member.

You're not logged in!

Compare scores with friends on all Sporcle quizzes.
OR
Log In

Show Comments

Extras

Top Quizzes Today


Score Distribution

Your Account Isn't Verified!

In order to create a playlist on Sporcle, you need to verify the email address you used during registration. Go to your Sporcle Settings to finish the process.

Report this User

Report this user for behavior that violates our Community Guidelines.

Details: